<?xml version="1.0" encoding="UTF-8"?>
<record
    xmlns:xsi="http://www.w3.org/2001/XMLSchema-instance"
    xsi:schemaLocation="http://www.loc.gov/MARC21/slim http://www.loc.gov/standards/marcxml/schema/MARC21slim.xsd"
    xmlns="http://www.loc.gov/MARC21/slim">

  <leader>03109njm0a2200541   4500</leader>
  <controlfield tag="001">RU\NLR\ONIZ\304730</controlfield>
  <controlfield tag="005">20260304114401.0</controlfield>
  <datafield tag="035" ind1=" " ind2=" ">
    <subfield code="a">(NLR Aleph) 022722369</subfield>
  </datafield>
  <datafield tag="071" ind1="0" ind2="0">
    <subfield code="a">X-2-63112</subfield>
  </datafield>
  <datafield tag="071" ind1="0" ind2="0">
    <subfield code="a">X-2-63113</subfield>
  </datafield>
  <datafield tag="071" ind1="0" ind2="0">
    <subfield code="a">X 2-63112:O</subfield>
  </datafield>
  <datafield tag="071" ind1="0" ind2="0">
    <subfield code="a">X 2-63113:A</subfield>
  </datafield>
  <datafield tag="071" ind1="1" ind2="0">
    <subfield code="a">16000b</subfield>
  </datafield>
  <datafield tag="071" ind1="1" ind2="0">
    <subfield code="a">16003b</subfield>
  </datafield>
  <datafield tag="090" ind1=" " ind2=" ">
    <subfield code="a">13550533</subfield>
    <subfield code="c">13550533</subfield>
  </datafield>
  <datafield tag="100" ind1=" " ind2=" ">
    <subfield code="a">20240905d1911    u  y0rusy50      ca</subfield>
  </datafield>
  <datafield tag="102" ind1=" " ind2=" ">
    <subfield code="a">RU</subfield>
  </datafield>
  <datafield tag="126" ind1=" " ind2=" ">
    <subfield code="a">adaxdxu      ux</subfield>
    <subfield code="b">xxx</subfield>
  </datafield>
  <datafield tag="127" ind1=" " ind2=" ">
    <subfield code="a">000500</subfield>
  </datafield>
  <datafield tag="145" ind1="0" ind2=" ">
    <subfield code="a">c</subfield>
  </datafield>
  <datafield tag="200" ind1="1" ind2=" ">
    <subfield code="a">&#x412; &#x447;&#x430;&#x441; &#x440;&#x43E;&#x43A;&#x43E;&#x432;&#x43E;&#x439;, &#x43A;&#x43E;&#x433;&#x434;&#x430; &#x432;&#x441;&#x442;&#x440;&#x435;&#x442;&#x438;&#x43B; &#x442;&#x435;&#x431;&#x44F;</subfield>
    <subfield code="b">&#x417;&#x432;&#x443;&#x43A;&#x43E;&#x437;&#x430;&#x43F;&#x438;&#x441;&#x44C;</subfield>
    <subfield code="e">&#x43F;&#x435;&#x441;&#x43D;&#x44F; &#x438;&#x437; &#x43F;&#x44C;&#x435;&#x441;&#x44B; &#x433;&#x440;. &#x41B;. &#x41D;. &#x422;&#x43E;&#x43B;&#x441;&#x442;&#x43E;&#x433;&#x43E; "&#x416;&#x438;&#x432;&#x43E;&#x439; &#x442;&#x440;&#x443;&#x43F;"</subfield>
    <subfield code="f">&#x430;&#x440;&#x440;. &#x41F;&#x43E;&#x43B;&#x438;&#x432;&#x430;&#x43D;&#x43E;&#x432;&#x43E;&#x439;</subfield>
  </datafield>
  <datafield tag="203" ind1=" " ind2=" ">
    <subfield code="a">&#x41C;&#x443;&#x437;&#x44B;&#x43A;&#x430;</subfield>
    <subfield code="b">&#x438;&#x441;&#x43F;&#x43E;&#x43B;&#x43D;&#x438;&#x442;&#x435;&#x43B;&#x44C;&#x441;&#x43A;&#x430;&#x44F;</subfield>
    <subfield code="c">&#x430;&#x443;&#x434;&#x438;&#x43E;</subfield>
  </datafield>
  <datafield tag="210" ind1=" " ind2=" ">
    <subfield code="a">S. l.</subfield>
    <subfield code="c">Zonophone record</subfield>
    <subfield code="d">[1911]</subfield>
    <subfield code="g">&#x41E;-&#x432;&#x43E; &#x413;&#x440;&#x430;&#x43C;&#x43C;&#x43E;&#x444;&#x43E;&#x43D;&#x44A; &#x441;&#x44A; &#x43E;&#x433;&#x440;. &#x43E;&#x442;&#x432;.</subfield>
    <subfield code="e">&#x420;&#x438;&#x433;&#x430;</subfield>
  </datafield>
  <datafield tag="215" ind1=" " ind2=" ">
    <subfield code="a">1 &#x433;&#x440;&#x43F;. (&#x43E;&#x43A;. 5 &#x43C;&#x438;&#x43D;) : 78 &#x43E;&#x431;/&#x43C;&#x438;&#x43D;, &#x43C;&#x43E;&#x43D;&#x43E;</subfield>
    <subfield code="d">25 &#x441;&#x43C;, &#x432; &#x43A;&#x43E;&#x43D;&#x432;.</subfield>
  </datafield>
  <datafield tag="300" ind1=" " ind2=" ">
    <subfield code="a">&#x417;&#x430;&#x43F;&#x438;&#x441;&#x44C; 13.10.1911 &#x433;., &#x421;&#x430;&#x43D;&#x43A;&#x442;-&#x41F;&#x435;&#x442;&#x435;&#x440;&#x431;&#x443;&#x440;&#x433;</subfield>
  </datafield>
  <datafield tag="300" ind1=" " ind2=" ">
    <subfield code="a">&#x418;&#x43D;&#x436;&#x435;&#x43D;&#x435;&#x440; &#x437;&#x430;&#x43F;&#x438;&#x441;&#x438; &#x424;. &#x413;&#x430;&#x439;&#x441;&#x431;&#x435;&#x440;&#x433;</subfield>
  </datafield>
  <datafield tag="300" ind1=" " ind2=" ">
    <subfield code="a">&#x418;&#x43D;&#x436;. &#x438; &#x434;&#x430;&#x442;&#x430; &#x437;&#x430;&#x43F;&#x438;&#x441;&#x438; &#x443;&#x441;&#x442;&#x430;&#x43D;&#x43E;&#x432;&#x43B;. &#x43F;&#x43E; &#x43A;&#x430;&#x442;. &#x410;. &#x41A;&#x435;&#x43B;&#x43B;&#x438;</subfield>
  </datafield>
  <datafield tag="423" ind1=" " ind2="0">
    <subfield code="1">2001#$a&#x428;&#x44D;&#x43B; &#x43C;&#x44D; &#x432;&#x435;&#x440;&#x441;&#x442;&#x44B;$e&#x446;&#x44B;&#x433;&#x430;&#x43D;&#x441;&#x43A;&#x430;&#x44F; &#x43F;&#x435;&#x441;&#x43D;&#x44F; &#x438;&#x437; &#x43F;&#x44C;&#x435;&#x441;&#x44B; &#x433;&#x440;. &#x41B;. &#x41D;. &#x422;&#x43E;&#x43B;&#x441;&#x442;&#x43E;&#x433;&#x43E; "&#x416;&#x438;&#x432;&#x43E;&#x439; &#x442;&#x440;&#x443;&#x43F;"$f[&#x43A; &#x437;&#x432;&#x443;&#x43A;&#x43E;&#x437;&#x430;&#x43F;&#x438;&#x441;&#x438; &#x432; &#x446;&#x435;&#x43B;&#x43E;&#x43C;:] &#x438;&#x441;&#x43F;&#x43E;&#x43B;&#x43D;&#x44F;&#x435;&#x442;: &#x438;&#x441;&#x43F;. &#x446;&#x44B;&#x433;. &#x431;&#x44B;&#x442;. &#x43F;&#x435;&#x441;&#x435;&#x43D; &#x41D;. &#x412;. &#x414;&#x443;&#x43B;&#x44C;&#x43A;&#x435;&#x432;&#x438;&#x447;, [&#x43C;&#x435;&#x446;&#x446;&#x43E;-&#x441;&#x43E;&#x43F;&#x440;&#x430;&#x43D;&#x43E;]</subfield>
    <subfield code="1">210##$aS. l.$cZonophone record$g&#x41E;-&#x432;&#x43E; &#x413;&#x440;&#x430;&#x43C;&#x43C;&#x43E;&#x444;&#x43E;&#x43D;&#x44A; &#x441;&#x44A; &#x43E;&#x433;&#x440;. &#x43E;&#x442;&#x432;.$e&#x420;&#x438;&#x433;&#x430;$d[1911]</subfield>
    <subfield code="1">6890#$a&#x429;943.2-043.32(28)</subfield>
    <subfield code="1">702#1$9z02790$a&#x414;&#x443;&#x43B;&#x44C;&#x43A;&#x435;&#x432;&#x438;&#x447;$b&#x41D;. &#x412;.$g&#x41D;&#x438;&#x43D;&#x430; &#x412;&#x438;&#x43A;&#x442;&#x43E;&#x440;&#x43E;&#x432;&#x43D;&#x430;$f1891-1934$4590$4vms$7ca</subfield>
    <subfield code="1">790#1$9z02702$aDul'kevi&#x10D;$bN. V.$gNina Viktorovna$f1891-1934$4590$4vms$7ba</subfield>
  </datafield>
  <datafield tag="604" ind1=" " ind2=" ">
    <subfield code="1">700#1$a&#x422;&#x43E;&#x43B;&#x441;&#x442;&#x43E;&#x439;$b&#x41B;. &#x41D;.$g&#x41B;&#x435;&#x432; &#x41D;&#x438;&#x43A;&#x43E;&#x43B;&#x430;&#x435;&#x432;&#x438;&#x447;$f1828-1910</subfield>
    <subfield code="1">50010$a&#x416;&#x438;&#x432;&#x43E;&#x439; &#x442;&#x440;&#x443;&#x43F;$l&#x43F;&#x44C;&#x435;&#x441;&#x430;$j&#x417;&#x432;&#x443;&#x43A;&#x43E;&#x437;&#x430;&#x43F;&#x438;&#x441;&#x44C;</subfield>
  </datafield>
  <datafield tag="606" ind1="1" ind2=" ">
    <subfield code="a">&#x426;&#x44B;&#x433;&#x430;&#x43D;&#x441;&#x43A;&#x438;&#x435; &#x440;&#x43E;&#x43C;&#x430;&#x43D;&#x441;&#x44B; &#x438; &#x43F;&#x435;&#x441;&#x43D;&#x438;</subfield>
    <subfield code="x">&#x417;&#x432;&#x443;&#x43A;&#x43E;&#x437;&#x430;&#x43F;&#x438;&#x441;&#x44C;</subfield>
    <subfield code="y">&#x420;&#x43E;&#x441;&#x441;&#x438;&#x44F;</subfield>
    <subfield code="z">20 &#x432;. &#x43D;&#x430;&#x447;.</subfield>
    <subfield code="j">&#x417;&#x432;&#x443;&#x43A;&#x43E;&#x437;&#x430;&#x43F;&#x438;&#x441;&#x44C;</subfield>
    <subfield code="2">nlr_sh</subfield>
  </datafield>
  <datafield tag="606" ind1="1" ind2=" ">
    <subfield code="a">&#x41C;&#x435;&#x446;&#x446;&#x43E;-&#x441;&#x43E;&#x43F;&#x440;&#x430;&#x43D;&#x43E; &#x440;&#x443;&#x441;&#x441;&#x43A;&#x438;&#x435; &#x441;&#x43E;&#x432;&#x435;&#x442;&#x441;&#x43A;&#x438;&#x435;</subfield>
    <subfield code="z">19-20 &#x432;&#x432;.</subfield>
    <subfield code="j">&#x417;&#x432;&#x443;&#x43A;&#x43E;&#x437;&#x430;&#x43F;&#x438;&#x441;&#x44C;</subfield>
    <subfield code="2">nlr_sh</subfield>
  </datafield>
  <datafield tag="686" ind1="0" ind2=" ">
    <subfield code="a">&#x429;943.2-043.32(28)&#x44F;43</subfield>
  </datafield>
  <datafield tag="700" ind1=" " ind2="1">
    <subfield code="9">z05790</subfield>
    <subfield code="a">&#x41F;&#x43E;&#x43B;&#x438;&#x432;&#x430;&#x43D;&#x43E;&#x432;&#x430;</subfield>
    <subfield code="4">030</subfield>
    <subfield code="7">ca</subfield>
  </datafield>
  <datafield tag="702" ind1=" " ind2="1">
    <subfield code="9">z07790</subfield>
    <subfield code="a">&#x414;&#x443;&#x43B;&#x44C;&#x43A;&#x435;&#x432;&#x438;&#x447;</subfield>
    <subfield code="b">&#x41D;. &#x412;.</subfield>
    <subfield code="f">1891-1934</subfield>
    <subfield code="g">&#x41D;&#x438;&#x43D;&#x430; &#x412;&#x438;&#x43A;&#x442;&#x43E;&#x440;&#x43E;&#x432;&#x43D;&#x430;</subfield>
    <subfield code="4">721</subfield>
    <subfield code="7">ca</subfield>
  </datafield>
  <datafield tag="702" ind1=" " ind2="1">
    <subfield code="9">z08790</subfield>
    <subfield code="a">&#x413;&#x430;&#x439;&#x441;&#x431;&#x435;&#x440;&#x433;</subfield>
    <subfield code="b">&#x424;.</subfield>
    <subfield code="c">&#x438;&#x43D;&#x436;&#x435;&#x43D;&#x435;&#x440; &#x437;&#x432;&#x443;&#x43A;&#x43E;&#x437;&#x430;&#x43F;&#x438;&#x441;&#x438;</subfield>
    <subfield code="f">1873-1951</subfield>
    <subfield code="g">&#x424;&#x440;&#x435;&#x434;</subfield>
    <subfield code="4">670</subfield>
    <subfield code="7">ca</subfield>
  </datafield>
  <datafield tag="702" ind1=" " ind2="1">
    <subfield code="9">z09790</subfield>
    <subfield code="a">&#x41A;&#x435;&#x43B;&#x43B;&#x438;</subfield>
    <subfield code="b">&#x410;.</subfield>
    <subfield code="f">1928-2015</subfield>
    <subfield code="g">&#x410;&#x43B;&#x430;&#x43D;</subfield>
    <subfield code="4">595</subfield>
    <subfield code="7">ca</subfield>
  </datafield>
  <datafield tag="790" ind1=" " ind2="1">
    <subfield code="9">z05700</subfield>
    <subfield code="a">Polivanova</subfield>
    <subfield code="4">030</subfield>
    <subfield code="7">ba</subfield>
  </datafield>
  <datafield tag="790" ind1=" " ind2="1">
    <subfield code="9">z07702</subfield>
    <subfield code="a">Dul'kevi&#x10D;</subfield>
    <subfield code="b">N. V.</subfield>
    <subfield code="f">1891-1934</subfield>
    <subfield code="g">Nina Viktorovna</subfield>
    <subfield code="4">721</subfield>
    <subfield code="7">ba</subfield>
  </datafield>
  <datafield tag="790" ind1=" " ind2="1">
    <subfield code="9">z08702</subfield>
    <subfield code="a">Gaisberg</subfield>
    <subfield code="b">F.</subfield>
    <subfield code="c">recording engineer</subfield>
    <subfield code="f">1873-1951</subfield>
    <subfield code="g">Fred</subfield>
    <subfield code="4">670</subfield>
    <subfield code="7">ba</subfield>
  </datafield>
  <datafield tag="790" ind1=" " ind2="1">
    <subfield code="9">z09702</subfield>
    <subfield code="a">Kelly</subfield>
    <subfield code="b">A.</subfield>
    <subfield code="f">1928-2015</subfield>
    <subfield code="g">Alan</subfield>
    <subfield code="4">595</subfield>
    <subfield code="7">ca</subfield>
  </datafield>
  <datafield tag="801" ind1=" " ind2="0">
    <subfield code="a">RU</subfield>
    <subfield code="b">NLR</subfield>
    <subfield code="c">20240905</subfield>
    <subfield code="g">PSBO</subfield>
  </datafield>
  <datafield tag="801" ind1=" " ind2="1">
    <subfield code="a">RU</subfield>
    <subfield code="b">NLR</subfield>
    <subfield code="c">20240905</subfield>
    <subfield code="2">rusmarc</subfield>
  </datafield>
  <datafield tag="801" ind1=" " ind2="2">
    <subfield code="a">RU</subfield>
    <subfield code="b">NLR</subfield>
    <subfield code="c">20260123</subfield>
  </datafield>
  <datafield tag="852" ind1=" " ind2=" ">
    <subfield code="a">NLR</subfield>
    <subfield code="j">&#x41C;&#x433; 2&#x43A;/429</subfield>
    <subfield code="m">1063</subfield>
    <subfield code="t">1</subfield>
  </datafield>
  <datafield tag="942" ind1=" " ind2=" ">
    <subfield code="c">REC</subfield>
  </datafield>
  <datafield tag="980" ind1=" " ind2=" ">
    <subfield code="a">ONIZ</subfield>
  </datafield>
  <datafield tag="980" ind1=" " ind2=" ">
    <subfield code="a">NB</subfield>
  </datafield>
</record>
